000 00526nam a22001697a 4500
005 2010093002052.0
008 100930t xxu||||| |||| 00| 0 eng d
020 _a0-14-4400 -141-1
_c200.00
035 _aB-216092
082 _aN
100 _aSharma, Bulbul
_922523
245 _aMy sainted aunts /
_cby Bulbul Sharma
260 _aNew Delhi
_bPenguin Books
_c2006
300 _a173p.
_b19cm. (pbk)
942 _2ddc
_cEN
_hN
_mSHA
999 _c48046
_d48046